|
|
|
|
| LEADER |
01120nab a2200241 i 4500 |
| 001 |
misc63709 |
| 005 |
20241010101202.0 |
| 008 |
220801s1969 hu o 000 rus d |
| 040 |
|
|
|a SZTE Miscellanea Repozitórium
|b hun
|
| 041 |
|
|
|a rus
|
| 100 |
1 |
|
|a Menges Karl Heinrich
|
| 245 |
1 |
0 |
|a Tože kritika
|h [elektronikus dokumentum] :
|b [recenziâ] /
|c Menges Karl Heinrich
|
| 260 |
|
|
|a Mouton ; Harrassowitz
|b The Hague ; Wiesbaden
|c 1969
|
| 300 |
|
|
|a 230-233
|c 24 cm
|
| 300 |
|
|
|a [4] p.
|c 24 cm
|
| 490 |
0 |
|
|a Central Asiatic journal : international periodical for the languages, literature, history and archaeology of Central Asia;Central Asiatic journal : international periodical for the languages, literature, history and archaeology of Central Asia
|
| 561 |
|
|
|a Németh Gyula hagyaték
|
| 591 |
|
|
|a NOA 3633; NOA 3634
|
| 650 |
|
4 |
|a Bölcsészettudományok
|
| 650 |
|
4 |
|a Nyelvek és irodalom
|
| 695 |
|
|
|a Özbeg nyelv - hangtan - könyvismertetés, Özbeg nyelv - horezmi nyelvjárás - könyvismertetés
|
| 700 |
0 |
1 |
|a Abdullaev Fattah
|
| 856 |
4 |
0 |
|u http://misc.bibl.u-szeged.hu/63709/1/3633_noa_m53.pdf
|z Dokumentum-elérés
|